000 00395nam a2200133Ia 4500
008 210210b1993 xxu||||| |||| 00| 0 eng d
082 _a330.91 ROYE
100 _aROY (Prithwish Kumar) and MUKHERJEE (Somnath).
245 _aEconomic geography: an appraisal of resources.
260 _aCalcutta
_bNew Central Book Agency
_c1993
300 _a143
690 _aEconomic Geography
906 _a048285
999 _c96980
_d96980